00544nam a22001697a 450000500170000001000150001702000110003203500130004303700130005608200120006910000190008124501110010026000430021127000590025430000210031350000400033420140416152438.0 aENG-109223 c100.00 aEN-92756 bDBAD/PUB a332.042 aKavaljit Singh aFixing global finance :cby Kavaljit Singhba developing country perspective on global financial reforms / aHyderabadbPrajasakti Book Housec2011 aM.H. Bhavan, Plot No.21/1, AzamabadbHyderabade500020 a127p.c22cm(pbk) aIncludes bibliographical references